Normal view MARC view
  • Statistical thermodynamics

Entry Topical Term

Number of records used in: 4

001 - CONTROL NUMBER

  • control field: 39800

003 - CONTROL NUMBER IDENTIFIER

  • control field: NUST

005 - DATE AND TIME OF LATEST TRANSACTION

  • control field: 20210314131539.0

008 - FIXED-LENGTH DATA ELEMENTS

  • fixed length control field: 210314|| aca||aabn | a|a d

040 ## - CATALOGING SOURCE

  • Original cataloging agency: NUST
  • Transcribing agency: NUST

150 ## - HEADING--TOPICAL TERM

  • Topical term or geographic name entry element: Statistical thermodynamics

670 ## - SOURCE DATA FOUND

  • Source citation: Work cat.: (NUST): Chandler, David, 39799, Introduction to modern statistical mechanics /, 1987.
© 2023 Central Library, National University of Sciences and Technology. All Rights Reserved.